000 02586cam a2200337 a 4500
001 16068496
003 OSt
005 20230928084913.0
008 100123s2010 stk b 001 0 eng
010 _a 2010003013
020 _a0443063672
035 _a(DNLM)101523353
040 _aDNLM/DLC
_cDLC
042 _apcc
050 0 0 _aR733
_b.C58 2010
060 1 0 _aWB 890
_bC6405 2010
082 0 0 _aW20.5 C1lg 2002
100 _aEditors Lewith,George ;Jonas,Wayne,B;walach,harald;
_916469
245 0 0 _aClinical Research in Complementary Therapies :
_bprinciples, problems, and solutions
260 _aEdinburgh ;
_bChurchhill Livingstone
_c2002
300 _axiv, 376 p. ;
_c25 cm.
504 _aIncludes bibliographical references and index.
505 0 _aToward standards of evidence for CAM research and practice / Wayne B. Jonas, George Lewith -- Qualitative research methods : a focus on understanding experiences and meaning / Marja J. Verhoef, Heather S. Boon -- The role of outcomes and observational research in evaluating in integrative medicine / William "Mac" Beckner, William Harlan -- Laboratory research and biomarkers / Hakima Amri ... [et al.] -- Randomized controlled trials / Claudia Witt, George Lewith -- Systematic reviews and meta-analyses in CAM : contribution and challenges / Klaus Linde, Ian Coulter -- Health services research as a form of evidence and CAM / Ian D. Coulter, Raheleh Khorsan --
505 0 _aResearch in herbal medicine / Simon Y. Mills -- Homoepathy / Peter Fisher ... [et al.] -- Massage therapy research methods / Tiffany Field -- Acupuncture / Adrian White, Claudia Witt -- Research methodology for studies of prayer and distant healing / Elisabeth Targ and Harald Walach -- Manipulation / Alan Breen -- Mind-body medicine approaches / Enrique Auba ... [et al.] -- Inspiration and perspiration : what every researcher needs to know before they start / Andrew J. Vickers -- Placebo, meaning and context issues in research / lene Vase, Wayne B. Jonas, Harald Walach -- Innovative designs & analyses / Mikel Aickin -- Questionnaires : development, validation, usage / Harald Walach, Niko Kohls, Corina Guthlin -- Economic evaluation / David Wonderling ... [et al.] -- Evidence-based practice : more than research needed! / Andree le May, John Gabbay.
650 0 _aAlternative medicine.
_92496
650 1 2 _aComplementary Therapies.
_92492
650 2 2 _aResearch Design.
_99376
906 _a7
_bcbc
_corignew
_d1
_eecip
_f20
_gy-gencatlg
942 _2z
_cO_SHELF
999 _c8085
_d8085